Обеспечение и подтверждение радиационной стойкости электрорадиоизделий на космических аппаратах разработки АО "ИСС"; Инновационные автоматические космические аппараты для фундаментальных и прикладных научных исследований. Актуальные вопросы создания служебных и научных систем
| Parent link: | Инновационные автоматические космические аппараты для фундаментальных и прикладных научных исследований. Актуальные вопросы создания служебных и научных систем.— 2015.— [С. 330-334] |
|---|---|
| সংস্থা লেখক: | |
| অন্যান্য লেখক: | , , , |
| সংক্ষিপ্ত: | Заглавие с экрана В статье рассматриваются пути решения разработчиком бортовой аппаратуры задач обеспечения и подтверждения радиационной стойкости электрорадио-изделий отечественного и импортного производства, комплектующих «летные» комплекты бортовой аппаратуры,к воздействию ионизирующего излучения космического пространства. Current article presents electronics parts radiation hardness guaranteeing and confirmationmethods for satellite-borne equipment designers(in case of use produced in Russia electronic parts). Режим доступа: по договору с организацией-держателем ресурса |
| ভাষা: | রুশ |
| প্রকাশিত: |
2015
|
| বিষয়গুলি: | |
| অনলাইন ব্যবহার করুন: | http://elibrary.ru/item.asp?id=24920659 |
| বিন্যাস: | বৈদ্যুতিক গ্রন্থের অধ্যায় |
| KOHA link: | https://koha.lib.tpu.ru/cgi-bin/koha/opac-detail.pl?biblionumber=647050 |
MARC
| LEADER | 00000naa0a2200000 4500 | ||
|---|---|---|---|
| 001 | 647050 | ||
| 005 | 20250616142129.0 | ||
| 035 | |a (RuTPU)RU\TPU\network\12187 | ||
| 035 | |a RU\TPU\network\11365 | ||
| 090 | |a 647050 | ||
| 100 | |a 20160324d2015 k y0rusy50 ca | ||
| 101 | 0 | |a rus | |
| 102 | |a RU | ||
| 135 | |a drgn ---uucaa | ||
| 181 | 0 | |a i | |
| 182 | 0 | |a b | |
| 200 | 1 | |a Обеспечение и подтверждение радиационной стойкости электрорадиоизделий на космических аппаратах разработки АО "ИСС" |f В. М. Зыков [и др.] | |
| 203 | |a Текст |c электронный | ||
| 300 | |a Заглавие с экрана | ||
| 320 | |a [Библиогр.: с. 334 (3 назв.)] | ||
| 330 | |a В статье рассматриваются пути решения разработчиком бортовой аппаратуры задач обеспечения и подтверждения радиационной стойкости электрорадио-изделий отечественного и импортного производства, комплектующих «летные» комплекты бортовой аппаратуры,к воздействию ионизирующего излучения космического пространства. | ||
| 330 | |a Current article presents electronics parts radiation hardness guaranteeing and confirmationmethods for satellite-borne equipment designers(in case of use produced in Russia electronic parts). | ||
| 333 | |a Режим доступа: по договору с организацией-держателем ресурса | ||
| 463 | |t Инновационные автоматические космические аппараты для фундаментальных и прикладных научных исследований. Актуальные вопросы создания служебных и научных систем |o материалы научно-технической конференции, Анапа, 06-11 сентября 2015 г. |f сост. В. В. Ефанов |v [С. 330-334] |d 2015 | ||
| 510 | 1 | |a Assurance and confirmation of EEE stability on spacecraft developed by JSC academician M.F. Reshetnev information satellite systems |z eng | |
| 610 | 1 | |a электронный ресурс | |
| 610 | 1 | |a труды учёных ТПУ | |
| 610 | 1 | |a радиационная стойкость | |
| 610 | 1 | |a электрорадиоизделия | |
| 610 | 1 | |a бортовые приборы | |
| 610 | 1 | |a ионизирующее излучение | |
| 610 | 1 | |a космическое пространство | |
| 701 | 1 | |a Зыков |b В. М. |c физик, специалист в области качества |c профессор Томского политехнического университета, доктор технических наук |f 1940- |g Владимир Михайлович |3 (RuTPU)RU\TPU\pers\30959 |9 15197 | |
| 701 | 1 | |a Кочура |b С. Г. |g Сергей Григорьевич | |
| 701 | 1 | |a Максимов |b И. А. | |
| 701 | 1 | |a Пацков |b А. В. |g Андрей Владимирович | |
| 712 | 0 | 2 | |a Национальный исследовательский Томский политехнический университет (ТПУ) |b Институт неразрушающего контроля (ИНК) |b Кафедра физических методов и приборов контроля качества (ФМПК) |3 (RuTPU)RU\TPU\col\18709 |
| 801 | 2 | |a RU |b 63413507 |c 20160324 |g RCR | |
| 850 | |a 63413507 | ||
| 856 | 4 | |u http://elibrary.ru/item.asp?id=24920659 | |
| 942 | |c CF | ||